| 000 | 00000nas 2200000za 4500 |
| 001 | 9.860254 |
| 003 | CaOODSP |
| 005 | 20221107160439 |
| 007 | cr ||||||||||| |
| 008 | 180808d19651997oncar p oss f0###a0fre|d |
| 022 | |y0575-8750 |
| 040 | |aCaOODSP|bfre |
| 041 | 0 |aeng|afre |
| 043 | |an-cn--- |
| 086 | 1 |aCS13-207-PDF |
| 086 | 1 |aCS13-528E-PDF |
| 086 | 1 |aCS13-534-PDF |
| 086 | 1 |aCS13-544-PDF |
| 245 | 00|aIncome distributions by size in Canada |h[ressource électronique] / |cDominion Bureau of Statistics, Consumer Finance Research Staff. |
| 246 | 1 |iLes livr. de 1969- comportent le titre parallèle français : |aRépartition du revenu au Canada selon la taille du revenue |
| 260 | |aOttawa : |bDominion Bureau of Statistics, |c1968- |
| 300 | |av. |
| 310 | |aAnnuel, |b1971- |
| 321 | |aBiennal, |b1965-1969 ; |
| 362 | 0 |a1965- |
| 500 | |aÉdition numérisée de l’imprimé [par Statistique Canada]. |
| 546 | |aTexte en anglais seulement, 1965-1967; texte en anglais et en français, 1969- |
| 550 | |aPubl. 1971-1983 par Statistique Canada, Division du revenue et des dépenses des consommateurs; 1984- par Division des enquêtes-ménages. |
| 580 | |aFait suite à : Distribution of non-farm incomes in Canada by size. |
| 580 | |aA absorbé : Répartition du revenue au Canada selon la taille du revenue (1967). |
| 692 | 07|2gccst|aRevenu familial |
| 710 | 1 |aCanada.|bBureau fédéral de la statistique. |bService de recherche sur les finances des consommateurs. |
| 710 | 2 |aStatistique Canada.|bDivision des enquêtes-ménages. |
| 710 | 2 |aStatistique Canada.|bDivision du revenue et des dépenses des consommateurs. |
| 791 | |tIncome distributions by size in Canada |eeng|w(CaOODSP)9.860249 |